000 00724nam a2200169Ia 4500
008 090711s9999 xx 000 0 und d
082 _b52103
100 _aसोमण दा. उाgऎ. / कर्वे कुंदा (संपा.)
245 _aआला हॅलेSाा धुमकेतू आला
260 _c1985
300 _a32
600 _aसोमण दा. उाgऎ. / कर्वे कुंदा (संपा.)
630 _aआला हॅलेSाा धुमकेतू आला
700 _aसोमण दा. उाgऎ. / कर्वे कुंदा (संपा.)
730 _aआला हॅलेSाा धुमकेतू आला
942 _cBOOK
999 _c296847
_d296847